Not by sun alone / (Record no. 130970)

MARC details
000 -LEADER
fixed length control field 00607nam a22002297a 4500
005 - DATE AND TIME OF LATEST TRANSACTION
control field 20170124110120.0
010 ## - LIBRARY OF CONGRESS CONTROL NUMBER
LC control number 764589
020 ## - INTERNATIONAL STANDARD BOOK NUMBER
Terms of availability 00.00
035 ## - SYSTEM CONTROL NUMBER
System control number 764589
037 ## - SOURCE OF ACQUISITION
Source of stock number/acquisition Cen Lib/Ret
040 ## - CATALOGING SOURCE
Original cataloging agency DPL
Language of cataloging EN
082 ## - DEWEY DECIMAL CLASSIFICATION NUMBER
Classification number 972.92
Item number MIK
100 ## - MAIN ENTRY--PERSONAL NAME
Personal name Mikes, George
9 (RLIN) 30514
245 ## - TITLE STATEMENT
Title Not by sun alone /
Statement of responsibility, etc by George Mikes
260 ## - PUBLICATION, DISTRIBUTION, ETC. (IMPRINT)
Place of publication, distribution, etc London
Name of publisher, distributor, etc Andre Deutsch
Date of publication, distribution, etc 1967
270 ## - ADDRESS
Address London
City London
300 ## - PHYSICAL DESCRIPTION
Extent 142p. :
Dimensions 21cm(Hb)
Other physical details ill.
650 ## - SUBJECT ADDED ENTRY--TOPICAL TERM
Topical term or geographic name as entry element National characteristics, Jamaican
9 (RLIN) 30515
650 ## - SUBJECT ADDED ENTRY--TOPICAL TERM
Topical term or geographic name as entry element Travel
9 (RLIN) 25007
700 ## - ADDED ENTRY--PERSONAL NAME
9 (RLIN) 30461
942 ## - ADDED ENTRY ELEMENTS (KOHA)
Source of classification or shelving scheme Dewey Decimal Classification
Koha item type English Books
Classification part 972.92
Call number suffix MIK
Holdings
Withdrawn status Lost status Damaged status Not for loan Home library Current library Date acquired Source of acquisition Cost, normal purchase price Total Checkouts Full call number Barcode Date last seen Copy number Cost, replacement price Price effective from Koha item type
        Central Library Central Library 11/07/2015 Cen Lib/Ret 0.00   972.92 MIK 764589 11/07/2015 1 0.00 11/07/2015 English Books

© Delhi Public Library
Hit Counter
free hit counter